000 00883nam a2200157Ia 4500
005 20240603234108.0
008 240331s9999 xx 000 0 und d
020 _a9558930000
082 _bPOV
_a361
100 _aCEPA
245 0 _aPoverty issues in Sri Lanka :
_btowards new empirical insights
260 _aOrugodawatta
_bGunaratne Offset Ltd.
_c2003
300 _axxvii,252 p.,
500 _aThis publication compiles the papers presented at the 3 rd annual symposium on poverty research in Sri Lanka held in August 2002 with the ain to discuss recent research findings on different aspects of poverty and to map out priorities and future directions pertaining to poverty research in Sri Lanka. Increasing the understanding of the causes and dynamics of poverty in Sri Lanka will also improve the formulation of proper strategies to allevuate poverty in the country.
942 _cL
999 _c2669
_d2669